| 000 | 00485nam a2200181Ia 4500 | ||
|---|---|---|---|
| 008 | 230524s9999 xx 000 0 und d | ||
| 020 | _a9788131711309 | ||
| 082 |
_a658.15 _bCHO |
||
| 100 | _aSunil Chopra | ||
| 245 | 0 | _a"Supply Chain Management: Strategy, Planning, and Operation" | |
| 250 | _a3RD | ||
| 260 |
_aNEW DELHI _bPearson _c2009 |
||
| 300 | _aXIV;636 | ||
| 500 | _aQuantity Number: 4 | ||
| 650 | _aManagement | ||
| 700 | _a" Peter Meindl, D.V.Kalra,,," | ||
| 942 | _cBK | ||
| 999 |
_c45079 _d45079 |
||